000 00316nam a22001337a 4500
008 171027b xxu||||| |||| 00| 0 eng d
020 _a9780030157141
041 _aeng
080 _25 ED
_a336
100 _a55
101 _aMEN
245 _aINTERMEDIATE FINANCIAL MANAGEMENT
_cBRIGHAM.E.F
942 _2udc
_cBK
999 _c36055
_d36055